000 00580nam a2200205Ia 4500
003 IN-BaIIA
008 211028s9999 xx 000 0 eng d
020 _a0-913990-45-0
040 _cIIA Library
080 _a621.19
_bLON
100 _aLong, Mark
_914057
245 4 _aThe world of satellite television
_cMark Long and Jeffrey Keating
260 _aTennessee
_bThe Book Publishing Company
_c1983
300 _a224p.
650 _aNASA Thesaurus
650 _aSatellite television
_914058
650 _aSpace probes
_96909
700 _aKeating, Jeffrey
_914059
942 _cBK
999 _c8385
_d8385